000 01100cam a2200373 i 4500
001 0000518
003 DO-SdBNP
005 20180213141419.0
007 0000518
008 100514s2001 sp 000 f fpspa
015 _a
017 _a
_b
020 _a8481312635
035 _a
040 _aBPMSU
_bspa
_cBPMSU
_e
080 _a
082 _aPe863.44
_bV297L
100 1 _aVargas Llosa, Mario
_d1936-
245 1 0 _aLituma en los Andes /
_h
_cMario Vargas Llosa ; prólogo Fernando R. Lafuente
260 _a[Barcelona] :
_bBibliotex,
_c2001.
300 _a221 p.:
_c22 cm
490 _aLas mejores novelas en castellano del siglo XX
_v20
490 _aBiblioteca el mundo
500 _aIncluye datos biográficos del autor en la solapa.
586 _aPremio Planeta 1993
650 _aNOVELA PERUANA
650 4 _aLITERATURA PERUANA
700 1 2 _aLafuente, Fernando R.
_epról.
830 _aLas mejores novelas en castellano del siglo XX
_n20
830 _aBiblioteca el mundo
942 _2ddc
_cBK
945 _aInventariado, 2018/ YL
956 _aYLOCKWARD
_b10
_cBPMSU
999 _c10809
_d10809